Football: Brothers representing different national teams - Statistics

General Stats
  • This quiz has been taken 44 times
  • The average score is 8 of 14
Answer Stats
# National team Appearances Years Answer % Correct
3 SUI 111 2011- Granit Xhaka
93%
3 ALB 30 2014-19 Taulant Xhaka
93%
5 GER 76 2009-18 Jérôme Boateng
88%
5 GHA 15 2010-14 Kevin-Prince Boateng
88%
1 GHA 6 2022- Iñaki Williams
83%
1 ESP 7 2022- Nico Williams
83%
4 ESP 46 2011-21 Thiago Alcântara
65%
4 BRA 2 2015 Rafinha Alcântara
63%
2 GUI 31 2010-21 Florentin Pogba
55%
2 FRA 91 2013- Paul Pogba
55%
7 ITA 49 1997-2005 Christian Vieri
13%
6 NED 14 2013-15 Jonathan de Guzmán
13%
6 CAN 89 2002-16 Julian de Guzmán
13%
7 AUS 6 2004-05 Massimiliano Vieri
13%
No matching quizzes found
Score Distribution
Percent of People with Each Score
Percentile by Number Answered
Your Score History
You have not taken this quiz